| 000 | 01187nam a2200301 i 4500 | ||
|---|---|---|---|
| 001 | 000011353 | ||
| 003 | DO-SdBNP | ||
| 005 | 20251009113516.0 | ||
| 007 | ta | ||
| 008 | 091016s1998 dr r 000 0 spa d | ||
| 020 | _a8484002551 | ||
| 040 |
_aDO-SdBNP _bspa _cBNPHU _erda |
||
| 041 | _aspa | ||
| 082 | 4 |
_a327.2097293 _bP438h _222 |
|
| 100 | 1 |
_aPérez, Carlos Federico, _d1912-1984 _924849 _4aut. _eautor |
|
| 245 | 1 | 0 |
_aHistoria diplomática de Santo Domingo : _bdesde la anexión a España hasta el derrocamiento del gobierno de Césario Guillermo (1861-1879) / _cCarlos Federico Pérez ; prólogo, Freddy Reyes Pérez |
| 264 | 4 |
_aSanto Domingo : _bEditora Universidad Nacional Pedro Henríquez Ureña, _c@1998. |
|
| 300 |
_avolúmenes ; _c24 cm. |
||
| 336 |
_atexto _btxt _2rdacontent |
||
| 337 |
_asin mediación _bn _2rdamedia |
||
| 338 |
_avolumen _bnc _2rdacarrier |
||
| 500 | _aIncluye referencias bibliográficas y notas al pie de las páginas | ||
| 500 | _aLa biblioteca posee el v.2 | ||
| 590 | _aInventariado, 2024/BT | ||
| 651 | 4 |
_aRepública Dominicana _xRelaciones Exteriores _92258 |
|
| 700 | 1 |
_aReyes Pérez, Ferddy, _eprologuista _4pról. _986553 |
|
| 942 |
_2ddc _cLBS1 |
||
| 999 |
_c11060 _d11060 |
||